Call of Duty Maps from Zombies - Statistics

General Stats
  • This quiz has been taken 1,933 times
  • The average score is 16 of 20
Answer Stats
Zombie Maps % Correct
Call Of Duty Black ops Kino der Toten
90%
Call Of Duty Black ops Moon
89%
Call Of Duty Black ops Five
88%
Call of Duty World At War Nacht der Untoten
85%
Call Of Duty Black ops 2 Town
85%
Call of Duty World At War Shi No Numa
84%
Call of Duty World At War Der Riese
83%
Call Of Duty Black ops 2 Mob Of The Dead
83%
Call Of Duty Black ops 2 Buried
82%
Call Of Duty Black ops 2 Farm
82%
Call Of Duty Black ops Ascension
81%
Call Of Duty Black ops 2 Origins
81%
Call Of Duty Black ops Shangri-La
81%
Call Of Duty Black ops Call Of The Dead
80%
Call Of Duty Black ops 2 Die Rise
80%
Call of Duty World At War Verruckt
77%
Call Of Duty Black ops Dead Ops Arcade
70%
Call Of Duty Black ops 2 Nuketown
61%
Call Of Duty Black ops 2 Bus Depot
57%
Call Of Duty Black ops 2 Green Run
33%
No matching quizzes found
Score Distribution
Percent of People with Each Score
Percentile by Number Answered
Your Score History
You have not taken this quiz